000 00649nam a22002052 4500
001 0000005861
005 20151217152007.0
008 070723s xx 000 0 eng d
020 _a0800793064 :
_cGBP 12.99
040 _aKABU
_cKABU
050 0 _aBR115
_b.G54K38
100 1 _aKavanaugh, Patrick.
_@0000157109
245 1 0 _aYou are talented! :
_bdiscovering, perfecting, and using your unique abilities.
260 _aGrand Rapids, MI :
_bChosen Books,
_c2002.
300 _a202 p.
650 0 _aGifts
_xReligious aspects
_xChristianity.
_@0000157110
908 _a070723
950 _@1
999 _c7093
_d7093